Statistics for World Records - Things that are the Smallest

Click here to take the quiz!

General Stats

  • This quiz has been taken 53,736 times
    (17,611 since last reset)
  • The average score is 14 of 20

Answer Stats

DescriptionAnswer% Correct
Shortest month by number of daysFebruary
98%
Smallest countryVatican City
93%
Smallest planetMercury
92%
Smallest U.S. state by areaRhode Island
87%
Deepest part of the ocean{Mariana} Trench
84%
Lowest place by elevation (U.S.){Death} Valley
83%
Lightest element of the Period TableHydrogen
79%
Lowest place by elevation on land{Dead} Sea
77%
Country with the lowest
population density
Mongolia
77%
Smallest bird speciesBee Hummingbird
73%
Sign of the zodiac with the
shortest name
Leo
69%
Lowest U.S. Army rankPrivate
66%
Smallest U.S. state by populationWyoming
65%
Least populous country on the
Asian mainland
Bhutan
62%
Smallest country by population
to win the FIFA World Cup
Uruguay
62%
Element with the shortest nameTin
60%
Smallest wind instrument in
a standard orchestra
Piccolo
55%
Book of the Bible with the
shortest name
Job
46%
Shortest Bible verseJesus {wept}
39%
Shortest unit of distance theoretically
possible to measure
{Planck} length
24%

Score Distribution

Percentile by Number Answered

Percent of People with Each Score

Your Score History

You have not taken this quiz since the last reset